| 000 | 00754na a2200253 4500 | ||
|---|---|---|---|
| 001 | 12908 | ||
| 003 | MIRAKIL | ||
| 005 | 20181213155030.0 | ||
| 008 | 160817b tu 000 0 | ||
| 020 | _a9751900832 | ||
| 035 | _a12908 | ||
| 040 |
_aMilas _btur _cTR-AnCHP |
||
| 082 |
_a297.63 _bB36h 2006 |
||
| 090 | _a297.63 B36h 2006 | ||
| 100 | _aBerki, Ali Himmet | ||
| 245 |
_aHatemü'l-Enbiya Hazreti Muhammed ve hayatı _cAli Himmet Berki ;Osman Keskinoğlu |
||
| 260 |
_aAnkara _bDiyanet İşleri Başkanlığı _c2006 |
||
| 300 |
_a461 s. _c24 sm. |
||
| 490 | _aHalk kitapları | ||
| 490 |
_aDiyanet İşleri Başkanlığı yayınları _v67 |
||
| 650 |
_aHz. Muhammed _xYaşamöyküsü |
||
| 700 | _aKeskioğlu, Osman | ||
| 942 |
_2dcc _cBKS |
||
| 999 |
_c5205 _d5205 |
||